| 000 | 00481 a2200157 4500 | ||
|---|---|---|---|
| 020 | _a0071115358 | ||
| 040 |
_aDLC _bDLC |
||
| 082 | _a540 | ||
| 100 | _aEubanks, Lucy T. | ||
| 245 |
_aChemistry in context : applying chemistry to society _cEubanks, Lucy T. |
||
| 260 |
_aBoston : _bMcGraw-Hill, _cc2006. |
||
| 300 |
_axvii, 622 p. : _bcol. ill. ; _c28 cm. |
||
| 500 | _aIncludes Index | ||
| 650 | _a1.Biochemistry.2.Environmental chemistry.3.Geochemistry. | ||
| 942 |
_cBK _k540 EUB _2ddc |
||
| 999 |
_c8708 _d8708 |
||